| 000 | 01035nam a2200253 a 4500 | ||
|---|---|---|---|
| 001 | 000016535 | ||
| 005 | 20251119123450.0 | ||
| 008 | 100308s2003 dr a 000 0 spa d | ||
| 020 | _a9993461660 | ||
| 040 |
_aDO-SdBNP _bspa _cBNPHU |
||
| 082 |
_a001.4 _bG146p |
||
| 245 | 0 | 0 |
_aGalardones 2002 : _bpremio a la investigación "Cardenal Octavio Antonio Beras Rojas". |
| 260 |
_aSanto Domingo : _bUniversidad Católica de Santo Domingo, _c2003. |
||
| 300 |
_a552 p. : _bil. ; _c25 cm. |
||
| 504 | _aBibliografía: p. 549-552 | ||
| 590 | _aInventariado,2018/DG | ||
| 650 | 4 |
_aTesis y disertaciones académicas _zRepública Dominicana _936780 |
|
| 650 | 4 |
_aInvestigación científica _zRepública Dominicana _936781 |
|
| 650 | 4 |
_aSeguridad social _zRepública Dominicana _xInvestigaciones _936782 |
|
| 650 | 4 |
_aSubcontratación _zRepública Dominicana _xInvestigaciones _936783 |
|
| 650 | 4 |
_aIglesia católica y espiritualidad _93541 |
|
| 710 | 2 |
_aUniversidad Católica de Santo Domingo _91476 |
|
| 910 | _aValidado. Control de calidad BNPHU | ||
| 999 |
_c16069 _d16069 |
||